[Event "CAN-ch U10 Girls"]
[Site "Vancouver"]
[Date "2012.07.04"]
[Round "5"]
[White "Millar, Sophia"]
[Black "Pulfer, Rachel"]
[Result "1-0"]
[WhiteElo "636"]
[BlackElo "791"]
[PlyCount "73"]
[EventDate "2012.07.03"]
[EventType "swiss"]
[EventRounds "7"]
[EventCountry "CAN"]
[SourceTitle "EXT 2022"]
[Source "ChessBase"]
[SourceDate "2021.10.06"]
[SourceVersion "1"]
[SourceVersionDate "2021.10.06"]
[SourceQuality "1"]

1. e4 e5 2. Nf3 Nc6 3. Bc4 Nf6 4. Nc3 Bc5 5. 0-0 0-0 6. Nh4 d6 7. Qf3 Bg4 8. Qg3 Bb4 9. a3 Bxc3 10. dxc3 Qd7 11. h3 Nxe4 12. Qe3 Bf5 13. Bd3 d5 14. Qf3 Bg6 15. Bxe4 Bxe4 16. Qg3 Qd6 17. f3 Bxc2 18. Rf2 Ba4 19. Nf5 Qg6 20. Qh4 Qxf5 21. g4 Qe6 22. Qg5 Qg6 23. Qh4 Rfe8 24. Rg2 e4 25. fxe4 Rxe4 26. b3 Re1+ 27. Kh2 Ne5 28. bxa4 Nf3+ 29. Kg3 Nxh4 30. Kxh4 Qh6+ 31. Bxh6 gxh6 32. Rxe1 Rd8 33. Kh5 Kg7 34. g5 hxg5 35. Kxg5 Rg8 36. Rge2 Re8 37. Rxe8 1-0